Heroic deeds and mystic figures : (Record no. 18279)

000 -LEADER
fixed length control field 01307pam a2200301 a 4500
001 - CONTROL NUMBER
control field 4330645
005 - DATE AND TIME OF LATEST TRANSACTION
control field 20161205100919.0
008 - FIXED-LENGTH DATA ELEMENTS--GENERAL INFORMATION
fixed length control field 881025s1989 njuaf b 001 0 eng
010 ## - LIBRARY OF CONGRESS CONTROL NUMBER
LC control number 88039313
020 ## - INTERNATIONAL STANDARD BOOK NUMBER
International Standard Book Number 0691040656 (alk. paper) :
Terms of availability $60.00
040 ## - CATALOGING SOURCE
Original cataloging agency DLC
Transcribing agency DLC
Modifying agency DLC
050 00 - LIBRARY OF CONGRESS CALL NUMBER
Classification number ND673.R9
Item number A67 1989
100 1# - MAIN ENTRY--PERSONAL NAME
Personal name Millen, Ronald.
245 10 - TITLE STATEMENT
Title Heroic deeds and mystic figures :
Remainder of title a new reading of Rubens' Life of Maria de' Medici /
Statement of responsibility, etc. Ronald Forsyth Millen and Robert Erich Wolf.
260 ## - PUBLICATION, DISTRIBUTION, ETC. (IMPRINT)
Place of publication, distribution, etc. Princeton, N.J. :
Name of publisher, distributor, etc. Princeton University Press,
Date of publication, distribution, etc. c1989.
300 ## - PHYSICAL DESCRIPTION
Extent xiv, 256 p., [63] p. of plates :
Other physical details ill. ;
Dimensions 29 cm.
500 ## - GENERAL NOTE
General note Includes index.
504 ## - BIBLIOGRAPHY, ETC. NOTE
Bibliography, etc Bibliography: p. 244-248.
600 10 - SUBJECT ADDED ENTRY--PERSONAL NAME
Personal name Rubens, Peter Paul,
Dates associated with a name 1577-1640.
Title of a work Histories of Marie de Médicis.
600 10 - SUBJECT ADDED ENTRY--PERSONAL NAME
Personal name Rubens, Peter Paul,
Dates associated with a name 1577-1640
General subdivision Criticism and interpretation.
600 00 - SUBJECT ADDED ENTRY--PERSONAL NAME
Personal name Marie de Médicis,
Titles and other words associated with a name Queen, consort of Henry IV, King of France,
Dates associated with a name 1573-1642
Form subdivision Portraits.
700 1# - ADDED ENTRY--PERSONAL NAME
Personal name Wolf, Robert Erich.
942 ## - ADDED ENTRY ELEMENTS (KOHA)
Source of classification or shelving scheme
Koha item type Hard Covered Materials
Classification part ND673.R9 A67 1989
Holdings
Withdrawn status Lost status Source of classification or shelving scheme Damaged status Not for loan Home library Current library Shelving location Date acquired Source of acquisition Total Checkouts Full call number Barcode Date last seen Price effective from Koha item type
          MACHAKOS UNIVERSITY LIBRARY MACHAKOS UNIVERSITY LIBRARY Open shelf 05/12/2016 Donation(B.F.A)   ND673.R9 A67 1989 28977 05/12/2016 05/12/2016 Hard Covered Materials
© Machakos University Library, Along The Highway, Machakos Wote Rd, Machakos, Kenya P.O. Box 136 - 90100 Machakos - Kenya

Tel: ( +254 ) 723 805829 OR Fax : 044-20353 OR Email: library@mksu.ac.ke